Регионална библиотека "Любен Каравелов" - Русе

Драматургът (Запис номер 78559)

MARC детайли
000 -Лидер
Контролно поле с фиксирана дължина 01254nam a2200337 c 4500
003 - Код на организацията, давaща контролен номер
Контролно поле BLK
005 - Дата и час на последна редакция
Контролно поле 20180422103736.0
008 - Елементи от данни с фиксирана дължина
fixed length control field 180408b bul|||||r ||||||| ||bul||
010 ## - Наследен системен номер
LC control number KNG00083025000
020 ## - Международен стандартен номер на книга ISBN
Международен стандартен номер на книга ISBN 978-954-9420-79-1
-- издат.: Персей
040 ## - Източник на каталожния запис
Идентификатор на билиотеката - собственик на записа BLK
041 ## - Код за език
Код за езика на текст/звукозапис или на отделно заглавие Български
Код за езика КДБФ Български
080 ## - УДК
Текстов определител УДК Ирландска литература (на Ейре) на английски език (вж и 821.152.1)
УДК код - определител по УДК 821.111(417)
УДК определител -312.4
УДК - код + определител 821.111(417)-312.4
100 1# - Редна дума - Автор
Автор Бруен, Кен
Авторска отговорност първи автор
R(LIN) 43461
139 ## - Редно поле
Редна дума Бруен, Кен
Авторски знак Бро - Б 82
245 10 - Сведения за заглавието
Заглавие Драматургът
Подзаглавни данни Криминален роман
Редно поле (дума) Кен Бруен; прев. Емил Минчев.
257 ## - Страна на издаване
Страна на създаване/издаване Ирландия
260 ## - Област на издателските данни
-- София
Име на издателя, разпространителя и проч. Персей
Година на издаване 2008
Печатница София : Инвестпрес
300 ## - Физическа характеристика
Страници 192 с.
Размери/Мащаб 20 см
380 ## - Жанр
Жанр Худож. лит.
490 1# - СЕРИИ (Колекции)
Име на серия Разследване на Джак Тейлър
500 ## - Общи забележки
Забележка Ориг. загл. The Dramatist / Ken Bruen. - Офс. изд.
653 ## - Ключова дума – ненормативна
Ключова дума крими
653 ## - Ключова дума – ненормативна
Ключова дума романи
700 1# - Други автори (авторска отговорност)
Лично име Минчев, Емил
Автороска отговорност (Описва отношението между автора и произведението) прев.
9 (RLIN) 367268
852 ## - Местоположение
Форматна сигнатура Цб 239497
856 4# - Електронен адрес и достъп
Електронен формат pdf - файл
Път до файла /url/
856 4# - Електронен адрес и достъп
Електронен формат pdf - файл
Път до файла /url/
942 ## - АРТИКУЛИ
Вид на библиотечния материал Книги
Скрит в OPAC Не
944 ## - СЪЗДАВАНЕ И РЕДАКЦИЯ на ЗАПИСА
Създаване/Редакция Създаване
Дата на регистрацията/редакция 09.04.2008
Служител, извършил регистрацията/редакцията Валя_Йорданова
944 ## - СЪЗДАВАНЕ И РЕДАКЦИЯ на ЗАПИСА
Създаване/Редакция Редакция
Дата на регистрацията/редакция 12.05.2011
Служител, извършил регистрацията/редакцията
999 ## - СИСТЕМНИ КОНТРОЛНИ НОМЕРА
Koha biblionumber 78559
Koha biblioitemnumber 78559
Наличности
Код за отписване Код за изгубен артикул Код за повреда Коз за рестрикции Код за отдаване Артикулен № Име на библиотеката - собственик Име на библиотеката, в която се намира в момента Статус (Текущо местоположение) Дата на вписване в системата Местоположение - отдел Цена в лева Инвентарен номер Систематично азбучна сигнатура Баркод Номер на екземпляра Цена в евро Служебна бележка Служебен тип на артикула
  Не е изгубен Не е повреден без рестрикции ползва се в читалня 127115 Регионална библиотека "Любен Каравелов" Русе Регионална библиотека "Любен Каравелов" Русе Хранилище 2011-05-12 Хранилище 7.99 120000750683 Цб 239497 120000750683 1 4.09 Дост: Dp Вид: Д N: 30 Дата: 28.07.2010 Книги
Vip Innovations Ltd, Rousse, Bulgaria 2025